• 首页
  • 本馆介绍
  • 公告通知
  • 最新文献
  • 馆藏检索
  • 电子资源
  • 读者导购
  • 参考咨询
  • 我的图书馆
  • 登录
  • 详细信息显示
  • 放入我的书架
  • 预约/预借图书
  • 作者相关作品
  • 分类相关作品
  • 丛书相关作品
  • 出版社相关作品

书目信息

  • 表格格式
  • 工作单格式
  • 卡片格式
题名:
文娱体育活动全书
    
 
作者: ;共青团中央文化体育部 主编
分册: 上册  
出版信息: 北京   中国青年出版社  1982.11
页数: 460页
开本: 19cm
丛书名:
单 册:
中图分类: G241.3
科图分类:
主题词: 文娱活动
电子资源:
ISBN:
000 00593nam0 2200193 45
001 0303140963
005 20060815154213.84
010    @dCNY1.45
091    @a7009.284
100    @a20030314d1982 km y0chiy0120 ea
101 0  @achi
200 1  @a文娱体育活动全书@AWen Yu Ti Yu Huo Dong Quan Shu@h上册@f共青团中央文化体育部主编@FGong Qing Tuan Zhong Yang Wen Hua Ti Yu Bu Zhu Bian
210    @a北京@c中国青年出版社@d1982.11
215    @a460页@d19cm
606 0  @a文娱活动
690    @aG241.3@v3
711 02 @a共青团中央文化体育部@4主编
801    @aCN@bTSTC@c20060815
905    @dG241.3@e2:1@f1@b229269
    
    文娱体育活动全书.上册/共青团中央文化体育部主编.-北京:中国青年出版社,1982.11
    460页;19cm
    
    
    ISBN :CNY1.45
    
●
相关链接 在E读中查询图书 在五车中查询图书 在当当中查询图书 在豆瓣中查询图书


正题名:文娱体育活动全书     索取号:G241.3/2:1         预约/预借

序号 登录号 条形码 馆藏地/架位号 状态 备注
1 0080698   202136125   密集书库/ [索取号:G241.3/2:1] 在馆    
2 0080700   001766556   密集书库/ [索取号:G241.3/2:1] 在馆    
3 0080701   000495191   第四借阅区/ [索取号:G241.3/2:1] 在馆    
4 0080703   001766431   密集书库/ [索取号:G241.3/2:1] 在馆    
5 0080704   001766510   密集书库/ [索取号:G241.3/2:1] 在馆    
6 0080705   001766477   密集书库/ [索取号:G241.3/2:1] 在馆    
7 0229268   000498410   密集书库/ [索取号:G241.3/2:1] 在馆    
8 0229269   000498385   第四借阅区/ [索取号:G241.3/2:1] 在馆    
9 0229270   000498429   第四借阅区/ [索取号:G241.3/2:1] 在馆    
10 0229271   000498358   密集书库/ [索取号:G241.3/2:1] 在馆    
11 0426428   204264287   密集书库/ [索取号:G241.3/2:1] 在馆    
12 0460323   204603232   密集书库/ [索取号:G241.3/2:1] 在馆    
唐山师范学院图书馆 欢迎您!
大连网信软件有限公司© 版权所有